Information package 2002-2003

Salvato in:
Dettagli Bibliografici
Autore principale: Čihovská, Viera
Ente Autore: Ekonomická univerzita v Bratislave
Altri autori: Muchová, Eva, 1961-, Sivák, Rudolf, 1955-, Šajgalíková, Helena, Vojteková, Helena
Natura: Libro
Lingua:inglese
Pubblicazione: [Bratislava] ECTS 2002
Soggetti:
Tags: Aggiungi Tag
Nessun Tag, puoi essere il primo ad aggiungerne!!

MARC

LEADER 00000nam$a2200000$$$4500
001 0069250
005 20240502071834.0
020 |a 80-225-1617-1 
041 0 |a eng 
044 |a SK 
245 1 0 |a Information package 2002-2003  |c Viera Čihovská, Eva Muchová, Rudolf Sivák, Helena Šajgalíková, Helena Vojteková 
264 1 |a [Bratislava]  |b ECTS  |c 2002 
300 |a 91 s. 
610 2 0 |a univerzity 
610 2 0 |a vzdelávanie vysokoškolské 
610 2 0 |a informácie 
610 2 0 |a štúdium vysokoškolské 
100 1 |a Čihovská, Viera 
700 1 |a Muchová, Eva, 1961- 
700 1 |a Sivák, Rudolf, 1955- 
700 1 |a Šajgalíková, Helena 
700 1 |a Vojteková, Helena 
710 2 |a Ekonomická univerzita v Bratislave